01440nam a2200229Ia 4500008004100000020001800041020001500059050002100074082001400095100002800109245017000137250001800307260004200325300001800367500008700385500008800472500009500560505044400655650002101099700002701120700006301147120626s2010 mx 000 0 spa d a9786074810325 a607481032X aHD31bD3418 2010 a658 D124i1 aDaft, Richard L.eautor10aIntroducción a la administraciónb / Richard L. Daft y Dorothy Marcic ; traducción de Érika M. Jasso Hernan D’Borneville, Magda Elizabeth Treviño Rosales a6a. edición3 aMéxicob : Cengage Learningc, 2010 a622 páginas aPlan Flexible Contabilidad / Fundamentos de Administración (B01-4) / (19 000170) aTítulo Original : Understanding Management. Incluye: glosario, notas e índices. aIncluye índice Plan flexible Licenciatura en Nutrición ADMINISTRACIÓN B09 14 003189 aInnovación para los tiempos turbulentos El entorno y la cultura corporativa El entorno global Ética y responsabilidad social Planeación y establecimiento de metas Toma de decisiones Diseño de organizaciones adaptables Cambio e innovación Recursos humanos y diversidad Dinámica del comportamiento en las organizaciones Liderazgo Motivación Comunicación Trabajo en equipo Productividad mediante sistemas de control de calidad aADMINISTRACIÓN aMarcic, Dorothyeautor aJasso Hernán d´Borneville, Erika Montserratetraductor